000 00471nam a2200157Ia 4500
008 090711s9999 xx 000 0 und d
082 _b38413
100 _aसाठे शंकर गो.
245 _aससा आणि कासव
260 _c1964
600 _aसाठे शंकर गो.
630 _aससा आणि कासव
700 _aसाठे शंकर गो.
730 _aससा आणि कासव
942 _cBOOK
999 _c304876
_d304876